1051 1915 1641 1746 1492 1006 1139 1500 1495 1080 1786 1896 1723 1033 1236 1502 1765 1582 1812 1318 1942 1755 1382 1597 1748 1687 1342 1029 1343 1936 1455 1868 1856 1626 1776 1970 1270 1799 1981 1528 1073 1261 1797 1480 1354 1719 1855 1028 1034 1376 1599 1529 1070 1520 1723 1779 1263 1211 1331 1200 1107 1493 1505 1672 1175 1351 1394 1643 1207 1516 1211 1726 1335 1534 1629 1351 1653 1698 1365 1699 1417 1315 1930 1276 1120 1066 1085 1807 1730 1086 1075 1094 1281 1887 1161 1188 1636 1390 1461 BCNSPRNW ULIB Ver.6.0+V

เปลี่ยนเป็นภาษาไทย

Change to English
 แสดงรายละเอียดบรรณานุกรม
  กลับหน้าหลัก

Brief Record : Get Marc (ISO 2709) : E-mail record : QR code < ปิดหน้าต่าง
LEADER : 00000nam 2200000uu 4500
001    13399123643
003     ULIB
008    141027s2550||||th 000 0 tha d
020    9789747547108
099    นว.^bว637ร
100 0  ว.วินิจฉัยกุล
245 00 รัตนโกสินทร์/^cว.วินิจฉัยกุล
260    กรุงเทพฯ:^bทรีบีส์ฒ^c2550
300    638 หน้า
945    ^p380^l0^i023618
999    ^aเกษร โพธิ์สุวรรณ
รายการนี้ยังไม่มีแท็ก
คุณยังไม่ได้ล็อกอิน คุณสามารถมีกิจกรรมร่วมกับเว็บไซต์ได้ แต่ต้องล็อกอินก่อน ::
  ล็อกอิน

รายการสื่อสารสนเทศ

ลำดับที่ ประเภท เลขเรียก/บาร์โค้ด สถานที่ สถานะ
1. นวนิยาย
นวนิยาย
นว. ว637ร ฉ.1 
  Barcode: 023618
ห้องสมุดวิทยาเขตนครสวรรค์
►นวนิยาย:l:Fiction
บนชั้น

รายการใกล้เคียง
    ผู้แต่ง [ว.วินิจฉัยกุล]

BibComment


ยังไม่เคยถูกคอมเมนท์

คอมเมนท์ทรัพยากรรายการนี้
  คอมเมนท์: รัตนโกสินทร์ ววิน..


 Copyright 2026. Bcnsprnw @Library